01514nam a2200265Ia 4500003000400000005001700004008004100021020001800062040001300080041000900093082001200102100003500114245013700149264002900286300005800315336002700373337003300400338002800433500057400461534003101035650005101066650005301117650005301170700002501223OSt20230321171443.0141031s9999 xx 000 0 spa d a9789580411437 cCO-MqBPB aspa  aCbNOSp10aNöstlinger, Christinad1936-10aDe por qué a Franz le dolió el estómago ;cChristine Nöstlinger ; traducido por Federico Schopt ; ilustrado por Erhard Dietl aBogotá;bNorma,c2006. a56 páginas; bilustraciones, Tapa Rústicac18 cm. atextobtxt2rdacontent asin mediaciónbn2rdamedia avolumenbnc2rdacarrier aFranz no le gustan algunas cosas de la escuela, entre ellas su maestro Zac Zac y su peor enemigo, Daniel Eberhard. La abuelita de Franz y Lily le ayudan a solucionar ambos problemas, pero ¡qué líos en los que lo meten! Ésta es una entrañable historia acerca del nerviosismo y la angustia que siente Franz, como todos los niños, ante ciertos eventos que ocurren cada día y que no puede evitar. ¿Cómo enfrentan los pequeños lectores sus propias incertidumbres? Ésta es una invitación a pensar un poco más en el papel de la familia y de los amigos. tSchulgeschichten von Franz14a Cuentos infantiles austriacos 2LEMBxAmistad14a Literatura infantil austriaca 2LEMBxAventuras14aAutores austriacos 2LEMBxTemas de la vida real10aDietl, Erhardd1953-